| 000 | 00407nam a22001577a 4500 | ||
|---|---|---|---|
| 999 |
_c532968 _d532968 |
||
| 003 | NUST | ||
| 005 | 20191209125657.0 | ||
| 008 | 191209b ||||| |||| 00| 0 eng d | ||
| 038 | _aMSOHAIL | ||
| 082 | _a363.348 JER | ||
| 100 |
_aAlessandra Jealleman _926614 |
||
| 245 | _aThe Private Sector's Role in Disaster : .........../ | ||
| 260 |
_aUK _bCRC Press _cc2016 |
||
| 300 | _a314;p; | ||
| 942 |
_2ddc _cBK |
||